Rudolf Slánský: Začlenenie Slovenska do EÚ je v našom národnom záujme
Vzájomné medzištátne vzťahy medzi SR a ČR. Colná únia medzi SR a ČR. Zavedenie kvót na niektoré druhy tovarov. Byrokracia v rámci colnej únie. Rokovania o delení zvyšku majetku po bývalej federácii. Finančné vzťahy Českej národnej banky a NBS. Podpora zo strany ČR pri integrácii SR do EÚ a NATO.
Saved in:
| Main Author: | |
|---|---|
| Other Authors: | |
| Format: | Book |
| Language: | Slovak |
| Subjects: | |
| Tags: |
No Tags, Be the first to tag this record!
|
MARC
| LEADER | 00000nam a2200000 4500 | ||
|---|---|---|---|
| 001 | r030907 | ||
| 005 | 20230921083316.0 | ||
| 041 | 0 | |a slo | |
| 044 | |a SK | ||
| 245 | 1 | 0 | |a Rudolf Slánský: Začlenenie Slovenska do EÚ je v našom národnom záujme |c Rudolf Slánský, Peter Švec |
| 520 | |a Vzájomné medzištátne vzťahy medzi SR a ČR. Colná únia medzi SR a ČR. Zavedenie kvót na niektoré druhy tovarov. Byrokracia v rámci colnej únie. Rokovania o delení zvyšku majetku po bývalej federácii. Finančné vzťahy Českej národnej banky a NBS. Podpora zo strany ČR pri integrácii SR do EÚ a NATO. | ||
| 610 | 2 | 0 | |a vzťahy hospodárske medzinárodné |
| 610 | 2 | 0 | |a integrácia ekonomická medzinárodná |
| 610 | 2 | 0 | |a únie colné |
| 610 | 2 | 0 | |a obchod zahraničný |
| 610 | 2 | 0 | |a kvóty |
| 610 | 2 | 0 | |a byrokracia |
| 610 | 2 | 0 | |a majetok štátny |
| 610 | 2 | 0 | |a NBS Bratislava |
| 610 | 2 | 0 | |a ČNB Praha |
| 610 | 2 | 0 | |a Európska únia |
| 610 | 2 | 0 | |a Slovensko |
| 610 | 2 | 0 | |a Česko |
| 100 | 1 | |a Slánský, Rudolf | |
| 700 | 1 | |a Švec, Peter | |